000 00698nam a2200193Ia 4500
003 GCL
008 140319s9999 xx 000 0 ara d
040 _aGCL /
_cGCL
082 0 4 _a811.009
_bع ص
100 1 _aعباس مصطفى الصالحى
245 1 0 _aالصيد والطرد فى الشعر العربى حتى نهاية القرن الثانى الهجرى /
_cعباس مصطفى الصالحى
260 _a[S.N] :
_bالمؤسسة الجامعية للدراسات والنشر والتوزيع ،
_c1981
300 _a287 ص
490 _a
650 0 4 _aالشعر العربى
650 0 4 _aالشعر الوصفى
650 0 4 _aالشعر الجاهلى
942 _2ddc
_cBK
999 _c41737
_d41737